000 00414nam a2200169Ia 4500
005 20250603150023.0
008 250603s9999 xx 000 0 und d
020 _a05529051907
050 _aPE 1628 .W56/
245 0 _aWebster’s New World Dictionary of the American Language
260 _aNew York
260 _bWilliam Collins
260 _c1972
300 _a1692 p
650 _aNew York
942 _cBK
999 _c43532
_d43532